Morza Azji - Statystyki

Ogólne statystyki
  • Ten quiz został rozwiązany 221 razy
  • Średni wynik to 9 z 15
Statystyki odpowiedzi
Kraje znajdujące się na wybrzeżach Morze % Poprawnych
Bułgaria/Ukraina/Rosja/Gruzja/Turcja Czarne
80%
Jemen/Arabia Saudyjska/Jordania/Izrael/Egipt... Czerwone
79%
Rosja/Stany Zjednoczone Beringa
75%
Grecja/Turcja/Cypr/Liban/Syria/Izrael/Egipt/Libia... Środziemne
71%
Rosja Karskie
69%
Tajwan/Chiny/Wietnam/Filipiny/Brunei/Malezja Południowochińskie
67%
Kor. Północna/Kor. Południowa/Chiny Żółte
67%
Rosja/KRL/Korea Południowa/Japonia Japońskie
60%
Chiny/Japonia/Tajwan Wschodniochińskie
57%
Filipiny Filipińskie
52%
Rosja Łaptiewów
52%
Rosja Ochockie
51%
Rosja Wschodniosyberyjskie
48%
Indonezja/Malezja/Filipiny Celebes
29%
Mjanma/Tajlandia/Malezja/Indonezja/Singapur Andamańskie
28%
Nie znaleziono quizów pasujących do podanych kryteriów
Rozkład punktacji
Procent ludzi z każdym wynikiem
Percentyl według liczby udzielonych odpowiedzi
Twoja historia wyników
Nie rozwiązałeś tego quizu